| 000 | 00587nam a2200193 a 4500 | ||
|---|---|---|---|
| 001 | 000014929 | ||
| 005 | 20240412074242.0 | ||
| 008 | 100127s2007 dr 000 j spa d | ||
| 040 |
_aDO-SdBNP _bspa _cBNPHU |
||
| 082 |
_aRD863.44 _bR789c |
||
| 100 | 1 |
_aRosario, Ramón Fari _d1981- _933793 |
|
| 245 | 1 | 0 |
_aCuentos profanos / _cRamón Fari Rosario. |
| 260 |
_aMoca : _bImpre-Sol, _c2007. |
||
| 300 |
_a92 p. ; _c21 cm. |
||
| 590 | _aInventariado, 2020 / DG | ||
| 650 | 0 |
_aCuentos dominicanos _9176 |
|
| 650 | 0 |
_aLiteratura dominicana. _967 |
|
| 910 | _aValidado. Control de calidad MMOLINA | ||
| 999 |
_c14509 _d14509 |
||